[Event "OLNO 2223 SC Kreuzberg - SK König Tege"]
[Site "?"]
[Date "2023.01.15"]
[Round "4.6"]
[White "Dathe, Frederick"]
[Black "Anibar, Ahmed"]
[Result "0-1"]
[WhiteElo "2098"]
[BlackElo "2285"]
[PlyCount "82"]
[EventDate "2023.??.??"]

1. c4 Nf6 2. g3 g6 3. Bg2 Bg7 4. Nc3 O-O 5. e4 d6 6. Nge2 c5 7. O-O Nc6 8. d3 Ne8 9. Be3 Nd4 10. Rb1 a5 11. Qd2 Nc7 12. Bh6 e5 13. Nxd4 cxd4 14. Nd5 Nxd5 15. Bxg7 Kxg7 16. cxd5 Bd7 17. f4 f6 18. Rbc1 Qb6 19. fxe5 dxe5 20. h4 Rac8 21. Kh2 Qb4 22. Qxb4 axb4 23. Bh3 Bxh3 24. Kxh3 Kf7 25. g4 Ke7 26. Kg3 b6 27. Kf3 Rc5 28. h5 Ra8 29. hxg6 hxg6 30. Rxc5 bxc5 31. Ra1 Kd6 32. a4 f5 33. b3 fxe4+ 34. dxe4 c4 35. bxc4 Kc5 36. Ke2 Kxc4 37. Rc1+ Kb3 38. Kd3 Ka3 39. Ra1+ Kb2 40. Rf1 b3 41. d6 Ka2 0-1

[Event "OLNO 2223 SC Kreuzberg - SK König Tege"]
[Site "?"]
[Date "2023.01.15"]
[Round "4.7"]
[White "Dimitrijeski, Kristian"]
[Black "Dubessay, Bastien"]
[Result "0-1"]
[WhiteElo "2134"]
[BlackElo "2316"]
[PlyCount "126"]
[EventDate "2023.??.??"]

1. d4 Nf6 2. c4 e6 3. Nc3 Bb4 4. Bd2 O-O 5. Nf3 d5 6. e3 b6 7. Bd3 Bb7 8. O-O dxc4 9. Bxc4 Nbd7 10. a3 Bxc3 11. Bxc3 Ne4 12. Rc1 Nxc3 13. Rxc3 c5 14. Be2 Qe7 15. Qa4 Rfd8 16. Rfc1 Bd5 17. dxc5 Nxc5 18. Qf4 Qf6 19. Qxf6 gxf6 20. b4 Ne4 21. Rc7 a5 22. Nd4 axb4 23. axb4 Ra2 24. f3 Nd6 25. R7c2 Ra4 26. b5 f5 27. Rc7 Ra2 28. R1c2 Rda8 29. Kf2 e5 30. Rxa2 Rxa2 31. Nc2 Bc4 32. Bd1 Bxb5 33. Kg3 Kg7 34. Nb4 Rb2 35. Nd5 Rd2 36. Bb3 Bf1 37. Rc2 Rxc2 38. Bxc2 b5 39. Kf2 Bc4 40. Nb4 Kf6 41. Ke1 Ke6 42. Kd2 Nc8 43. g4 Ne7 44. h4 h6 45. Na6 fxg4 46. fxg4 Kd6 47. g5 hxg5 48. hxg5 Nd5 49. g6 fxg6 50. Bxg6 b4 51. Bd3 Bxa6 52. Bxa6 Kc5 53. Kd3 Nf6 54. Bb7 Ne8 55. Bc8 Nd6 56. Be6 e4+ 57. Ke2 Nc4 58. Bf5 Kd5 59. Bh7 b3 60. Bg8+ Kc5 61. Bh7 Nd6 62. Kd2 Kb4 63. Bg6 Ka3 0-1

[Event "OLNO 2223 SC Kreuzberg - SK König Tege"]
[Site "?"]
[Date "2023.01.15"]
[Round "4.8"]
[White "Syre, Christian"]
[Black "Niehaus, Frank"]
[Result "1/2-1/2"]
[WhiteElo "2197"]
[BlackElo "2089"]
[PlyCount "33"]
[EventDate "2023.??.??"]

1. d4 Nf6 2. Nf3 g6 3. c4 Bg7 4. Nc3 O-O 5. e4 d6 6. h3 e5 7. dxe5 dxe5 8. Qxd8 Rxd8 9. Bg5 Re8 10. Nd5 Nxd5 11. cxd5 c6 12. Bc4 cxd5 13. Bxd5 Nc6 14. Rd1 Nb4 15. O-O Nxd5 16. exd5 Bd7 17. Rfe1 1/2-1/2

[Event "OLNO 2223 SC Empor Potsdam - SAV Torgel"]
[Site "?"]
[Date "2023.01.15"]
[Round "4.1"]
[White "Grossmann, Piet"]
[Black "Penzold, Andreas"]
[Result "*"]
[WhiteElo "2002"]
[BlackElo "2366"]
[PlyCount "62"]
[EventDate "2023.??.??"]

1. e4 d6 2. d4 Nf6 3. Nc3 c6 4. f3 Nbd7 5. Be3 e5 6. Nge2 Be7 7. Qd2 O-O 8. g4 Re8 9. O-O-O b5 10. g5 Nh5 11. Rg1 Qc7 12. Ng3 Nxg3 13. Rxg3 Nb6 14. Qf2 b4 15. Ne2 Nc4 16. Kb1 Qb6 17. Nc1 Nxe3 18. Qxe3 Be6 19. Qd2 exd4 20. Qxd4 d5 21. e5 Bc5 22. Qh4 Bf2 23. Bd3 g6 24. Qh6 c5 25. Bf1 c4 26. Bh3 Qe3 27. Bxe6 fxe6 28. Rh3 Re7 29. Rf1 Rf8 30. f4 Qxf4 31. Ne2 Qxe5 *

[Event "OLNO 2223 SC Empor Potsdam - SAV Torgel"]
[Site "?"]
[Date "2023.01.15"]
[Round "4.2"]
[White "Tschernatsch, Johannes"]
[Black "Schmekel, Florian"]
[Result "*"]
[WhiteElo "2289"]
[BlackElo "2102"]
[PlyCount "73"]
[EventDate "2023.??.??"]

1. e4 c5 2. Nf3 Nc6 3. Bb5 Nd4 4. Nxd4 cxd4 5. c3 a6 6. Ba4 dxc3 7. Nxc3 b5 8. Bc2 e6 9. O-O d5 10. d4 Be7 11. Qf3 Bb7 12. e5 Bg5 13. Qg3 Bxc1 14. Qxg7 Bxb2 15. Qxh8 Kd7 16. Ne2 Bxa1 17. Rxa1 h6 18. Nf4 Qg5 19. g3 Ne7 20. Qh7 Rc8 21. Bd3 Qg8 22. Qxh6 Nc6 23. Nh5 Qf8 24. Qf4 Kc7 25. a3 Kb8 26. Nf6 Qe7 27. h4 Na5 28. h5 Nb3 29. Rd1 Qxa3 30. h6 Nc1 31. Bf1 b4 32. Nd7+ Ka7 33. Nc5 b3 34. Rxc1 b2 35. Rb1 Qc3 36. Qxf7 Rb8 37. Nd3 *

[Event "OLNO 2223 SC Empor Potsdam - SAV Torgel"]
[Site "?"]
[Date "2023.01.15"]
[Round "4.3"]
[White "Korbal, Arkadiusz"]
[Black "Tiarks, Jann-Christian"]
[Result "*"]
[WhiteElo "2051"]
[BlackElo "2199"]
[PlyCount "214"]
[EventDate "2023.??.??"]

1. d4 d5 2. c4 c6 3. Nf3 Nf6 4. Qc2 g6 5. Nc3 Bg7 6. Bf4 O-O 7. e3 Bf5 8. Bd3 Bxd3 9. Qxd3 Nbd7 10. O-O e6 11. b4 dxc4 12. Qxc4 Nd5 13. Bg3 N7f6 14. Bh4 Nxc3 15. Qxc3 Qd5 16. Bxf6 Bxf6 17. Qc2 Rfd8 18. Rab1 e5 19. e4 Qe6 20. dxe5 Bxe5 21. b5 Bd4 22. bxc6 bxc6 23. Rb7 Qf6 24. Qc4 Bb6 25. e5 Qf5 26. Ng5 Rf8 27. h4 h6 28. Nf3 Qc8 29. Qa6 Rb8 30. Rxa7 Bxa7 31. Qxa7 Ra8 32. Qe3 Kg7 33. a3 Re8 34. Rc1 Qe6 35. Rc5 Rab8 36. Qe4 Qb3 37. Qxc6 Qxa3 38. Qf6+ Kg8 39. Rc7 Qf8 40. Qf4 Qg7 41. Kh2 Rb6 42. Qg4 Rbe6 43. Qf4 R6e7 44. Rc6 Re6 45. Rc7 R8e7 46. Rc8+ Kh7 47. Rc5 Qh8 48. Qc4 Qb8 49. Kg1 Qb1+ 50. Qc1 Qb6 51. Qc4 Qa7 52. Qc2 Ra6 53. Rc6 Ra1+ 54. Kh2 Ra2 55. Qc5 Rxf2 56. Qd6 Rxf3 57. Qd8 Rh3+ 58. Kxh3 Qd7+ 59. Qxd7 Rxd7 60. Rc5 Rd3+ 61. g3 Re3 62. Kg2 Kg7 63. Kf2 Ra3 64. Rb5 Kf8 65. Rb6 Ra5 66. h5 gxh5 67. Rxh6 Rxe5 68. Ra6 Rb5 69. Kg2 Kg7 70. Kh3 Rb4 71. Rc6 f6 72. Rc5 Kg6 73. Ra5 Rb3 74. Kh4 Rb1 75. Kh3 Rd1 76. Kg2 Rd3 77. Rb5 Re3 78. Ra5 Re5 79. Ra4 Kg5 80. Kf3 Rb5 81. Ra3 Rb1 82. Ra5+ f5 83. Ra3 Rf1+ 84. Kg2 Rc1 85. Kf3 Rc4 86. Rb3 h4 87. gxh4+ Rxh4 88. Kf2 Rh2+ 89. Kg3 Rc2 90. Rb4 Rc3+ 91. Kf2 Rh3 92. Ra4 Rb3 93. Rc4 Rb2+ 94. Kf3 Rb1 95. Ra4 Rf1+ 96. Kg2 Rb1 97. Kf3 Rb3+ 98. Kf2 f4 99. Ra8 Rb6 100. Rg8+ Rg6 101. Rxg6+ Kxg6 102. Kf3 Kf5 103. Kf2 Kg4 104. Kg2 f3+ 105. Kf1 Kg3 106. Kg1 f2+ 107. Kf1 Kf3 *

[Event "OLNO 2223 SC Empor Potsdam - SAV Torgel"]
[Site "?"]
[Date "2023.01.15"]
[Round "4.4"]
[White "Schoene, Ralf"]
[Black "Bauer, Norbert"]
[Result "*"]
[WhiteElo "2250"]
[BlackElo "2027"]
[PlyCount "100"]
[EventDate "2023.??.??"]

1. d4 Nf6 2. c4 e6 3. Nc3 Bb4 4. e3 b6 5. Nge2 Ne4 6. Qc2 Bb7 7. a3 Bxc3+ 8. Nxc3 f5 9. d5 O-O 10. Nxe4 fxe4 11. dxe6 Qf6 12. Ra2 Nc6 13. b3 d6 14. Bb2 Ne5 15. Bxe5 Qxe5 16. g3 Rae8 17. Bg2 Rxe6 18. O-O Qh5 19. Rd1 Rh6 20. h3 c5 21. Qe2 Qe5 22. Rad2 Rhf6 23. b4 h6 24. Qg4 R8f7 25. bxc5 bxc5 26. Rb1 h5 27. Qd1 Bc6 28. Rb8+ Rf8 29. Rxf8+ Kxf8 30. Qb1 Qe8 31. Rb2 Kf7 32. Rb8 Qe6 33. Qd1 Qf5 34. Qd2 Qe6 35. Qa5 Kg6 36. Qc7 d5 37. cxd5 Qxd5 38. Rc8 c4 39. Rd8 Qf5 40. Rd2 c3 41. Rc2 Ba4 42. Qxc3 Bxc2 43. Qxc2 Re6 44. h4 Qe5 45. Qc4 Re7 46. a4 Kh6 47. Qc6+ g6 48. a5 Kh7 49. a6 Kh6 50. Qa8 Kg7 *

[Event "OLNO 2223 SC Empor Potsdam - SAV Torgel"]
[Site "?"]
[Date "2023.01.15"]
[Round "4.5"]
[White "Herrmann, Jakob"]
[Black "Jaeger, Uwe"]
[Result "*"]
[WhiteElo "1926"]
[BlackElo "2220"]
[PlyCount "80"]
[EventDate "2023.??.??"]

1. e4 d5 2. exd5 Qxd5 3. Nc3 Qa5 4. d4 Nf6 5. Nf3 Bf5 6. Bc4 e6 7. Bd2 c6 8. Nd5 Qd8 9. Nxf6+ Qxf6 10. Qe2 Qd8 11. O-O-O Be7 12. Ne5 Nd7 13. Bf4 Bg5 14. Qe3 Bxf4 15. Qxf4 Nxe5 16. dxe5 Qe7 17. h4 h5 18. f3 Rd8 19. Rxd8+ Qxd8 20. Rd1 Qe7 21. Qd4 a6 22. g3 O-O 23. Qd6 Qxd6 24. Rxd6 Rb8 25. Kd2 Kf8 26. b4 Ke7 27. Bd3 Rd8 28. Rxd8 Kxd8 29. Bxf5 exf5 30. Ke3 Kd7 31. a4 Ke6 32. Kd4 f4 33. gxf4 Kf5 34. Ke3 b6 35. c4 b5 36. cxb5 cxb5 37. axb5 axb5 38. Kd4 Kxf4 39. Kc5 g5 40. hxg5 Kxe5 *

[Event "OLNO 2223 SC Empor Potsdam - SAV Torgel"]
[Site "?"]
[Date "2023.01.15"]
[Round "4.6"]
[White "Trenner, Rolf"]
[Black "Ehlers, Michael"]
[Result "*"]
[WhiteElo "2142"]
[BlackElo "1940"]
[PlyCount "126"]
[EventDate "2023.??.??"]

1. d4 Nf6 2. Nf3 g6 3. g3 Bg7 4. Bg2 O-O 5. c3 d6 6. O-O c5 7. dxc5 dxc5 8. Qxd8 Rxd8 9. Be3 Na6 10. Na3 Nd5 11. Rfd1 Bg4 12. Bd2 Nac7 13. h3 Bd7 14. Ne1 Ba4 15. Nac2 Rac8 16. Rac1 b6 17. c4 Nf6 18. b3 Be8 19. Bc3 Ne6 20. Ne3 Nd4 21. Kf1 e6 22. Rd3 Bc6 23. Rcd1 Bxg2+ 24. N3xg2 Ne4 25. Ba1 Nc6 26. Bxg7 Kxg7 27. Nc2 Nc3 28. Rxd8 Rxd8 29. Rxd8 Nxd8 30. a3 Nc6 31. Nge3 Ne4 32. Ke1 Kf6 33. g4 Kg5 34. Ng2 Kf6 35. f3 Nd6 36. Kd2 Ke5 37. Kd3 f5 38. e3 fxg4 39. hxg4 Kf6 40. e4 Na5 41. Kc3 h5 42. Nce3 Nc6 43. gxh5 gxh5 44. Nf4 h4 45. Ng4+ Kf7 46. Ng2 h3 47. Nf4 Nd4 48. Nh2 Ke7 49. Nxh3 e5 50. b4 a6 51. Nf2 b5 52. bxc5 Nxc4 53. a4 Kd7 54. axb5 axb5 55. Nd3 Kc6 56. Nxe5+ Nxe5 57. Kxd4 b4 58. f4 b3 59. Kc3 b2 60. Kc2 Nd3 61. f5 Nxc5 62. f6 Kd6 63. e5+ Kxe5 *

[Event "OLNO 2223 SC Empor Potsdam - SAV Torgel"]
[Site "?"]
[Date "2023.01.15"]
[Round "4.7"]
[White "Schmidt, Paul"]
[Black "Bachmann, Volker"]
[Result "*"]
[WhiteElo "1844"]
[BlackElo "2093"]
[PlyCount "90"]
[EventDate "2023.??.??"]

1. e4 e6 2. d4 d5 3. Nc3 Bb4 4. e5 c5 5. a3 Bxc3+ 6. bxc3 Ne7 7. Qg4 Qc7 8. Qxg7 Rg8 9. Qxh7 cxd4 10. Qd3 Qxe5+ 11. Ne2 dxc3 12. Bf4 Qf6 13. Qxc3 Nd7 14. Qxf6 Nxf6 15. Nd4 Ng6 16. Bd2 Ne4 17. c4 Nxd2 18. Kxd2 dxc4 19. Bxc4 Ne5 20. Bb5+ Bd7 21. g3 Bxb5 22. Nxb5 Rd8+ 23. Ke2 a6 24. Nc3 b5 25. Ne4 Ke7 26. Rhd1 Nc4 27. Nc5 Rxd1 28. Rxd1 a5 29. Rd3 Rg5 30. Ne4 Re5 31. Kf3 f5 32. Nd2 Nxd2+ 33. Rxd2 b4 34. axb4 axb4 35. Rb2 Re4 36. h4 Kf6 37. Rb3 Kg6 38. Re3 Rxe3+ 39. Kxe3 e5 40. Kd3 Kh5 41. Kc4 f4 42. Kxb4 e4 43. gxf4 Kxh4 44. Kc3 Kg4 45. Kd2 Kxf4 *

[Event "OLNO 2223 SC Empor Potsdam - SAV Torgel"]
[Site "?"]
[Date "2023.01.15"]
[Round "4.8"]
[White "Piersig, Hans-Juergen"]
[Black "Bollnow, Alex"]
[Result "*"]
[WhiteElo "2104"]
[BlackElo "1659"]
[PlyCount "139"]
[EventDate "2023.??.??"]

1. e4 c5 2. Nf3 Nc6 3. d4 cxd4 4. Nxd4 g6 5. c4 Bg7 6. Be3 Nf6 7. Nc3 O-O 8. Be2 d6 9. O-O Bd7 10. Qd2 Ne5 11. f3 Rc8 12. b3 a5 13. Rfc1 Ra8 14. Rab1 Nc6 15. Ndb5 b6 16. Bf1 Be6 17. Nd5 Bxd5 18. cxd5 Ne5 19. Nd4 Nfd7 20. Bb5 Nc5 21. h3 e6 22. a3 Qe7 23. b4 axb4 24. axb4 Na6 25. Nc6 Nxc6 26. Rxc6 Nc7 27. Bc4 b5 28. Bb3 exd5 29. Bxd5 Nxd5 30. Qxd5 Ra3 31. Bg5 Qa7+ 32. Kh1 Ra1 33. Rcc1 Rxb1 34. Rxb1 Qb6 35. Be7 Rc8 36. Bxd6 Rd8 37. Rd1 Bf8 38. e5 Kg7 39. Qc5 Qb7 40. Rd5 Bxd6 41. exd6 Qa6 42. Qd4+ Kg8 43. d7 Qc6 44. Rd6 Qc4 45. Qf6 Qc7 46. Qd4 Qc1+ 47. Kh2 Qc7 48. f4 Qc4 49. Qf6 Qc7 50. Qe7 Kg7 51. Qe5+ Kf8 52. Qh8+ Ke7 53. Qe5+ Kf8 54. Rd5 Qxe5 55. Rxe5 Rxd7 56. Rxb5 Rd3 57. f5 Ke7 58. fxg6 hxg6 59. h4 Kf6 60. Kg1 Rd2 61. Kh2 Rd3 62. g3 Rd2+ 63. Kh3 Rd4 64. Rb7 Ke6 65. b5 Rb4 66. b6 f5 67. Rb8 Rb2 68. b7 Kf7 69. Rh8 Kg7 70. b8=Q *

[Event "OLNO 2223 SAV Torgelow-Drögeheide 90 -"]
[Site "?"]
[Date "2022.11.06"]
[Round "5.1"]
[White "Waldmann, Hans-Joachim"]
[Black "Grossmann, Piet"]
[Result "1-0"]
[WhiteElo "2306"]
[BlackElo "1977"]
[PlyCount "69"]
[EventDate "2022.??.??"]

1. d4 e6 2. c4 Nf6 3. Nc3 Bb4 4. e3 O-O 5. Bd3 c5 6. Nf3 d5 7. O-O Nc6 8. cxd5 exd5 9. a3 Bxc3 10. bxc3 c4 11. Be2 Ne4 12. Bd2 Na5 13. Be1 Bf5 14. Kh1 Re8 15. Ra2 h6 16. Ne5 f6 17. Nf3 Bh7 18. Ng1 Re6 19. Rb2 Rb6 20. Rb4 Nc6 21. Rxb6 axb6 22. a4 Na5 23. Nh3 g5 24. f3 Nd6 25. Bg3 Kg7 26. Re1 Nb3 27. e4 Rxa4 28. e5 Nf5 29. exf6+ Kf7 30. f4 Ne3 31. Bh5+ Bg6 32. Qe2 Qc8 33. fxg5 Ra1 34. Nf4 Rxe1+ 35. Bxe1 1-0

[Event "OLNO 2223 SAV Torgelow-Drögeheide 90 -"]
[Site "?"]
[Date "2022.11.06"]
[Round "5.2"]
[White "Schmekel, Florian"]
[Black "Kyritz, Michael"]
[Result "1-0"]
[WhiteElo "2090"]
[BlackElo "2237"]
[PlyCount "42"]
[EventDate "2022.??.??"]

1. d4 Nf6 2. c4 e6 3. Nf3 d5 4. Nc3 Be7 5. Bg5 O-O 6. e3 Nbd7 7. Qc2 h6 8. Bh4 dxc4 9. Bxc4 c5 10. O-O cxd4 11. Nxd4 Ne5 12. Be2 Qb6 13. Bg3 Nc6 14. Nxc6 bxc6 15. Na4 Qa5 16. a3 c5 17. Rfe1 Ba6 18. b4 cxb4 19. axb4 Bxb4 20. Bc7 Rac8 21. Bxa5 Rxc2 1-0

[Event "OLNO 2223 SAV Torgelow-Drögeheide 90 -"]
[Site "?"]
[Date "2022.11.06"]
[Round "5.3"]
[White "Gelman, Josef"]
[Black "Korbal, Arkadiusz"]
[Result "1-0"]
[WhiteElo "2056"]
[BlackElo "2051"]
[PlyCount "149"]
[EventDate "2022.??.??"]

1. d4 Nf6 2. Nf3 c5 3. d5 b5 4. e4 Nxe4 5. Bd3 Nd6 6. O-O e6 7. Bf4 c4 8. Be2 Bb7 9. Nc3 a6 10. a4 b4 11. Na2 a5 12. Bxd6 Bxd6 13. Bxc4 O-O 14. Qd2 Na6 15. Rad1 e5 16. Rfe1 Qc7 17. Bb5 Nc5 18. h3 Rae8 19. c3 b3 20. Nc1 f5 21. Qe2 e4 22. Nd4 f4 23. f3 Re5 24. c4 Qb6 25. Kh2 Rfe8 26. Qf1 Qd8 27. fxe4 f3 28. Nxf3 Rxe4+ 29. Kh1 Qf6 30. Nd2 Qe5 31. Nf3 Qxb2 32. Nd3 Nxd3 33. Rxe4 Rxe4 34. Qxd3 Re7 35. c5 Bxc5 36. d6 Re4 37. Bc4+ Kh8 38. Bd5 Re3 39. Qf5 Bxd5 40. Qxd5 Qe2 41. Re1 Qxe1+ 42. Nxe1 Rxe1+ 43. Kh2 Bg1+ 44. Kg3 Re8 45. Qb7 Bd4 46. Qxd7 Rg8 47. Qb5 b2 48. Kf4 Rf8+ 49. Ke4 Bf6 50. Kd5 h6 51. Ke6 Kg8 52. g4 Rc8 53. d7 Rc6+ 54. Kd5 Rc1 55. d8=Q+ Bxd8 56. Qxb2 Rd1+ 57. Ke6 Re1+ 58. Kd7 Be7 59. Qb3+ Kh8 60. Qg3 Bb4 61. h4 Rd1+ 62. Ke6 Re1+ 63. Kd5 Rd1+ 64. Kc4 Rc1+ 65. Kb5 Rc5+ 66. Ka6 Kh7 67. Qd3+ Kh8 68. g5 Rc6+ 69. Kb7 Rd6 70. Qf5 hxg5 71. hxg5 g6 72. Qf7 Ba3 73. Kc7 Ra6 74. Qe8+ Kg7 75. Qd7+ 1-0

[Event "OLNO 2223 SAV Torgelow-Drögeheide 90 -"]
[Site "?"]
[Date "2022.11.06"]
[Round "5.4"]
[White "Zentgraf, Robert"]
[Black "Hoegy, Kevin"]
[Result "1/2-1/2"]
[WhiteElo "2171"]
[BlackElo "2244"]
[PlyCount "249"]
[EventDate "2022.??.??"]

1. Nf3 Nf6 2. d4 d5 3. g3 c6 4. Bg2 Bf5 5. O-O e6 6. c4 Nbd7 7. b3 a5 8. Nc3 Ne4 9. Nxe4 Bxe4 10. a4 Be7 11. Ba3 Bxa3 12. Rxa3 Qe7 13. Ra2 O-O 14. Qd2 Rfd8 15. Qe3 Qb4 16. Rc1 Rac8 17. c5 Rb8 18. Ne1 Bg6 19. h4 h6 20. h5 Bh7 21. Nc2 Bxc2 22. Raxc2 Rdc8 23. Qc3 Qxc3 24. Rxc3 b6 25. cxb6 Rxb6 26. Bf3 Kf8 27. e3 Ke7 28. Be2 Kd6 29. g4 e5 30. dxe5+ Nxe5 31. f3 Rcb8 32. Kf2 Rxb3 33. f4 Nc4 34. Bxc4 Rxc3 35. Rxc3 dxc4 36. Rxc4 c5 37. Kf3 Rb4 38. Re4 c4 39. Re5 Rxa4 40. Ke4 c3+ 41. Kd3 Rc4 42. Kc2 Rc5 43. Re8 Kd5 44. Re7 a4 45. Rxf7 Ke4 46. Re7+ Kf3 47. Re5 Rc7 48. Ra5 Kxg4 49. Rxa4 Kf3 50. f5 Kxe3 51. Rg4 Rc5 52. Rxg7 Rxf5 53. Rg3+ Kf4 54. Rxc3 Kg4 55. Rc4+ Kxh5 56. Kd3 Re5 57. Rc2 Kg4 58. Re2 Rf5 59. Ke4 Rf4+ 60. Ke3 Rf3+ 61. Ke4 h5 62. Rh2 Rg3 63. Ra2 h4 64. Ra8 Rb3 65. Rg8+ Kh3 66. Kf4 Kh2 67. Rg7 h3 68. Rg8 Kh1 69. Rg3 Rb4+ 70. Kf3 Rh4 71. Rg8 Rh7 72. Kf2 Kh2 73. Rg6 Rf7+ 74. Ke2 Rf5 75. Rg8 Ra5 76. Kf2 Ra2+ 77. Kf3 Rg2 78. Rh8 Rg6 79. Ra8 Rg3+ 80. Kf2 Rg7 81. Kf3 Rg3+ 82. Kf2 Rc3 83. Ra2 Rb3 84. Rc2 Rb1 85. Rc3 Rb2+ 86. Kf1 Rb8 87. Rf3 Rh8 88. Kf2 Rg8 89. Kf1 Rg7 90. Kf2 Rh7 91. Kf1 Kh1 92. Rg3 Rf7+ 93. Ke2 Kh2 94. Rg8 Rf4 95. Rg7 Rf8 96. Rg6 Kh1 97. Rg3 Kh2 98. Rg6 Rc8 99. Kf2 Rc2+ 100. Kf1 Rg2 101. Rf6 Rg3 102. Kf2 Rg8 103. Rf3 Rg7 104. Rf8 Kh1 105. Rf3 h2 106. Rf8 Ra7 107. Rg8 Rf7+ 108. Ke2 Rb7 109. Kf2 Rb2+ 110. Kf1 Ra2 111. Rg7 Ra1+ 112. Kf2 Rg1 113. Ra7 Rg2+ 114. Kf3 Rg8 115. Ra1+ Rg1 116. Ra7 Rf1+ 117. Ke2 Rb1 118. Kf2 Rc1 119. Rg7 Rc4 120. Rd7 Rc2+ 121. Kf1 Rg2 122. Rf7 Rg8 123. Kf2 Rg4 124. Rf8 Rf4+ 125. Rxf4 1/2-1/2

[Event "OLNO 2223 SAV Torgelow-Drögeheide 90 -"]
[Site "?"]
[Date "2022.11.06"]
[Round "5.5"]
[White "Uhl, Heinz"]
[Black "Herrmann, Jakob"]
[Result "1-0"]
[WhiteElo "2147"]
[BlackElo "1918"]
[PlyCount "81"]
[EventDate "2022.??.??"]

1. c4 Nf6 2. Nc3 g6 3. g3 Bg7 4. Bg2 O-O 5. Nf3 d6 6. O-O e5 7. Rb1 a5 8. a3 Nc6 9. b4 axb4 10. axb4 h6 11. d3 Be6 12. Nd2 Qc8 13. Nd5 Bh3 14. b5 Bxg2 15. Kxg2 Nxd5 16. cxd5 Ne7 17. Qb3 b6 18. Bb2 Qb7 19. e4 h5 20. Nf3 Bh6 21. Bc1 Bxc1 22. Rfxc1 Ra5 23. Qc3 Ra7 24. Ra1 Rfa8 25. Rxa7 Rxa7 26. Qd2 Kg7 27. d4 f6 28. dxe5 dxe5 29. Qb4 Nc8 30. Nd2 Nd6 31. Nc4 Nf7 32. h4 Qa8 33. Qe7 Qf8 34. Qd7 Qd8 35. Qe6 Ra4 36. d6 Nxd6 37. Nxd6 Qxd6 38. Qc8 Qf8 39. Rxc7+ Kg8 40. Qe6+ Kh8 41. Qd7 1-0

[Event "OLNO 2223 SAV Torgelow-Drögeheide 90 -"]
[Site "?"]
[Date "2022.11.06"]
[Round "5.6"]
[White "Ehlers, Michael"]
[Black "Mahn, Franko"]
[Result "1-0"]
[WhiteElo "1936"]
[BlackElo "2148"]
[PlyCount "57"]
[EventDate "2022.??.??"]

1. Nf3 Nf6 2. g3 d5 3. Bg2 g6 4. O-O Bg7 5. c4 c6 6. Qb3 O-O 7. d4 dxc4 8. Qxc4 Be6 9. Qa4 Nbd7 10. Nc3 h6 11. e4 a5 12. Re1 b5 13. Qc2 a4 14. Ne2 Bc4 15. h3 c5 16. d5 e6 17. dxe6 Bxe6 18. Nf4 Bc4 19. e5 Nd5 20. e6 fxe6 21. Nxe6 Qf6 22. Nxf8 Rxf8 23. Be3 Nb4 24. Qe4 Bd5 25. Qg4 Bxf3 26. Qxd7 Bxg2 27. Bxc5 Bd5 28. Re7 Bh8 29. Qd6 1-0

[Event "OLNO 2223 SAV Torgelow-Drögeheide 90 -"]
[Site "?"]
[Date "2022.11.06"]
[Round "5.7"]
[White "Abraham, Ingo"]
[Black "Schmidt, Paul"]
[Result "1-0"]
[WhiteElo "2193"]
[BlackElo "1849"]
[PlyCount "35"]
[EventDate "2022.??.??"]

1. Nf3 Nf6 2. c4 g6 3. Nc3 d5 4. cxd5 Nxd5 5. Qb3 c6 6. e4 Nxc3 7. Qxc3 Rg8 8. d4 Bg7 9. Be2 Bg4 10. Be3 Nd7 11. O-O c5 12. Rfd1 Qb6 13. dxc5 Qxb2 14. Qxb2 Bxb2 15. Rab1 Ba3 16. Bb5 O-O-O 17. Bxd7+ Bxd7 18. Rd3 1-0

[Event "OLNO 2223 SK König Tegel II - SC Empor "]
[Site "?"]
[Date "2023.02.05"]
[Round "5.1"]
[White "Penzold, Andreas"]
[Black "Jahnz, Fabian"]
[Result "1/2-1/2"]
[WhiteElo "2366"]
[BlackElo "2247"]
[PlyCount "142"]
[EventDate "2023.??.??"]

1. c4 e5 2. Nc3 Nf6 3. g3 Bb4 4. Bg2 O-O 5. e4 Bxc3 6. dxc3 d6 7. Qe2 Nbd7 8. Nf3 Nc5 9. Nd2 a5 10. O-O a4 11. Rd1 Be6 12. Nf1 Qd7 13. f3 Bh3 14. Ne3 Bxg2 15. Kxg2 Rfb8 16. Rb1 b5 17. cxb5 Qxb5 18. Qxb5 Rxb5 19. Nc4 Nfd7 20. Be3 Rab8 21. Rd2 Nb6 22. Na3 Ra5 23. Rbd1 Kf8 24. Rc2 Ke7 25. Kf2 g6 26. Ke2 f5 27. exf5 gxf5 28. Bf2 h5 29. Rg1 c6 30. h3 Rg8 31. Rd2 d5 32. g4 hxg4 33. hxg4 fxg4 34. Rxg4 Rxg4 35. fxg4 Nbd7 36. Rd1 Ra8 37. Nc2 Rg8 38. Nb4 Kd6 39. Rh1 Ne6 40. Rh6 c5 41. Nd3 c4 42. Nc5 Ndxc5 43. Bxc5+ Kxc5 44. Rxe6 Rxg4 45. Rxe5 Rg2+ 46. Ke3 Rxb2 47. Re8 Rxa2 48. Rc8+ Kd6 49. Rd8+ Kc6 50. Rc8+ Kd7 51. Ra8 a3 52. Kd4 Rd2+ 53. Kc5 a2 54. Ra6 Ke7 55. Kb5 Rc2 56. Kc5 Rxc3 57. Kxd5 Rc2 58. Kc5 Kd7 59. Kd5 Kc7 60. Kc5 Kb7 61. Ra5 Kc7 62. Ra7+ Kd8 63. Kd4 Kc8 64. Kc5 Kb8 65. Ra6 Kb7 66. Ra5 c3 67. Kc4 Kb6 68. Ra8 Kc6 69. Kb3 Rc1 70. Rxa2 Kc5 71. Ra8 Kd4 1/2-1/2

[Event "OLNO 2223 SK König Tegel II - SC Empor "]
[Site "?"]
[Date "2023.02.05"]
[Round "5.2"]
[White "Eilenberg, Jonas"]
[Black "Tschernatsch, Johannes"]
[Result "0-1"]
[WhiteElo "2257"]
[BlackElo "2297"]
[PlyCount "84"]
[EventDate "2023.??.??"]

1. d4 Nf6 2. c4 g6 3. Nc3 d5 4. Nf3 Bg7 5. Bg5 Ne4 6. Bf4 Nxc3 7. bxc3 O-O 8. e3 c6 9. Qb3 Qa5 10. cxd5 cxd5 11. Be2 b6 12. O-O Ba6 13. Bxa6 Nxa6 14. Rfc1 Rfd8 15. Be5 Rac8 16. Rab1 Bxe5 17. Nxe5 Rc7 18. e4 Rdc8 19. exd5 Rxc3 20. Rxc3 Rxc3 21. Qb2 Rc7 22. Qb3 Rc3 23. Qb2 Qa3 24. Qd2 Nb4 25. d6 exd6 26. Nd7 Qxa2 27. Nf6+ Kh8 28. Qe1 Qxb1 29. Qxb1 Nd3 30. Ne4 Rc1+ 31. Qxc1 Nxc1 32. Nxd6 Ne2+ 33. Kf1 Nxd4 34. Nxf7+ Kg7 35. Nd6 Kf6 36. Ke1 Ke5 37. Nc4+ Kd5 38. Ne3+ Kc5 39. Kd2 a5 40. Nd1 a4 41. Kc1 b5 42. Nc3 Kc4 0-1

[Event "OLNO 2223 SK König Tegel II - SC Empor "]
[Site "?"]
[Date "2023.02.05"]
[Round "5.3"]
[White "Tiarks, Jann-Christian"]
[Black "Giemsa, Stephan"]
[Result "1/2-1/2"]
[WhiteElo "2231"]
[BlackElo "2236"]
[PlyCount "111"]
[EventDate "2023.??.??"]

1. e4 e6 2. d4 d5 3. Nc3 Nf6 4. Bg5 dxe4 5. Nxe4 Be7 6. Bxf6 gxf6 7. Nf3 f5 8. Ng3 c5 9. dxc5 Qa5+ 10. c3 Qxc5 11. Bd3 h5 12. h4 Nd7 13. Qe2 Nf6 14. O-O-O Ng4 15. Nd4 Kf8 16. Kb1 Bf6 17. Bc2 Rb8 18. Bb3 b5 19. Rhe1 b4 20. cxb4 Rxb4 21. Rc1 Qxd4 22. Rxc8+ Kg7 23. Rxh8 Kxh8 24. Nxh5 Bxh4 25. g3 Bg5 26. f3 Nf2 27. Qc2 Qd3 28. Re2 Qxf3 29. Rxf2 Qh1+ 30. Qd1 Qe4+ 31. Ka1 Rd4 32. Qe2 Qxe2 33. Rxe2 Kh7 34. a3 Kg6 35. Rh2 e5 36. Bc2 a5 37. Ka2 a4 38. b3 axb3+ 39. Kxb3 Be7 40. Rh1 Bf8 41. a4 Rb4+ 42. Kc3 Rd4 43. Rh3 Bb4+ 44. Kb3 Be1 45. Kb2 Rb4+ 46. Kc1 Rd4 47. Rh1 Bb4 48. Rh2 Ba3+ 49. Kb1 Bb4 50. Kb2 Ba5 51. Kc1 Bb4 52. Bd1 Ba3+ 53. Kc2 Rxa4 54. g4 fxg4 55. Kb3 Ra7 56. Bxg4 1/2-1/2

[Event "OLNO 2223 SK König Tegel II - SC Empor "]
[Site "?"]
[Date "2023.02.05"]
[Round "5.4"]
[White "Anibar, Ahmed"]
[Black "Jaeger, Uwe"]
[Result "1-0"]
[WhiteElo "2285"]
[BlackElo "2220"]
[PlyCount "49"]
[EventDate "2023.??.??"]

1. d4 g6 2. e4 Bg7 3. c4 d6 4. Nc3 e5 5. d5 f5 6. exf5 Bxf5 7. Nf3 Nd7 8. Be2 Nh6 9. Ng5 Nf8 10. g4 Bd7 11. h4 Nf7 12. Nce4 h6 13. Nxf7 Kxf7 14. g5 Bf5 15. Bd3 hxg5 16. Bxg5 Qd7 17. Qc2 c6 18. dxc6 bxc6 19. O-O-O Bg4 20. Be2 d5 21. Bxg4 Qxg4 22. cxd5 cxd5 23. Rxd5 Ne6 24. Rd7+ Kg8 25. Qc4 1-0

[Event "OLNO 2223 SK König Tegel II - SC Empor "]
[Site "?"]
[Date "2023.02.05"]
[Round "5.5"]
[White "Trenner, Rolf"]
[Black "Wierzbicki, Jirawat"]
[Result "1/2-1/2"]
[WhiteElo "2137"]
[BlackElo "2165"]
[PlyCount "57"]
[EventDate "2023.??.??"]

1. d4 d5 2. Nf3 Nf6 3. Bf4 c5 4. c3 e6 5. e3 Bd6 6. Bb5+ Nc6 7. Ne5 Qc7 8. Qa4 Bd7 9. Nxd7 Nxd7 10. Bxd6 Qxd6 11. dxc5 Qxc5 12. Nd2 Nb6 13. Qb4 Qxb4 14. cxb4 Rc8 15. Rc1 Ke7 16. Bxc6 Rxc6 17. Rxc6 bxc6 18. Ke2 Rc8 19. Rc1 Kd6 20. Nb3 Nc4 21. Rc2 e5 22. Nc5 Rb8 23. a3 f5 24. Nb3 g6 25. Nd2 Nxd2 26. Kxd2 Rb5 27. Kd3 Rb7 28. Rc5 Rb5 29. Rc2 1/2-1/2